Normal view
MARC view
- المعوقون-تعليم. التربية الخاصة-مناهج. التربية الخاصة-طرق التدريس
Entry Topical Term
001 - CONTROL NUMBER
- control field: 42810
003 - CONTROL NUMBER IDENTIFIER
- control field: JO-AjAnu
005 - DATE AND TIME OF LATEST TRANSACTION
- control field: 20230606081112.0
008 - FIXED-LENGTH DATA ELEMENTS
- fixed length control field: 230606|| aca||aabn | a|a d
040 ## - CATALOGING SOURCE
- Original cataloging agency: JO-AjAnu
- Transcribing agency: JO-AjAnu
150 ## - HEADING--TOPICAL TERM
- Topical term or geographic name entry element: المعوقون-تعليم. التربية الخاصة-مناهج. التربية الخاصة-طرق التدريس
670 ## - SOURCE DATA FOUND
- Source citation: Work cat.: (JO-AjAnu)21926: الخطيب، جمال محمد مؤلف/الحديدي، منى صبحي م.مشارك, author 42809, مناهج وأساليب التدريس في التربية الخاصة